000 01181nam a2200313 a 4500
001 ebr10661505
003 CaPaEBR
006 m u
007 cr cn|||||||||
008 120921s2013 nju s 001 0 eng d
010 _z 2012037666
020 _z9781118421833 (e-book)
040 _aCaPaEBR
_cCaPaEBR
035 _a(OCoLC)810773473
050 1 4 _aHF5635
_b.B73 2013eb
082 0 4 _a657
_223
100 1 _aBragg, Steven M.
245 1 0 _aAccounting best practices
_h[electronic resource] /
_cSteven M. Bragg.
250 _a7th ed.
260 _aHoboken, N.J. :
_bJohn Wiley & Sons,
_cc2013.
300 _axix, 473 p.
500 _aIncludes index.
533 _aElectronic reproduction.
_bPalo Alto, Calif. :
_cebrary,
_d2013.
_nAvailable via World Wide Web.
_nAccess may be limited to ebrary affiliated libraries.
588 _aDescription based on print version record and CIP data provided by publisher; resource not viewed.
650 0 _aAccounting.
655 7 _aElectronic books.
_2local
710 2 _aebrary, Inc.
856 4 0 _uhttp://site.ebrary.com/lib/rucke/Doc?id=10661505
_zAn electronic book accessible through the World Wide Web; click to view
999 _c66809
_d66809